K.J. Aiyer's judicial dictionary : (Record no. 136449)

MARC details
000 -LEADER
fixed length control field 00650nam a2200217 4500
010 ## - LIBRARY OF CONGRESS CONTROL NUMBER
LC control number A-949880
020 ## - INTERNATIONAL STANDARD BOOK NUMBER
International Standard Book Number 818703114
Terms of availability 895.00
035 ## - SYSTEM CONTROL NUMBER
System control number A-949880
037 ## - SOURCE OF ACQUISITION
Stock number Cen Lib/Ret
040 ## - CATALOGING SOURCE
Original cataloging agency DPL
Language of cataloging EN
082 ## - DEWEY DECIMAL CLASSIFICATION NUMBER
Classification number 340.03
Item number AIY
100 ## - MAIN ENTRY--PERSONAL NAME
Personal name Aiyar. K. J.
245 ## - TITLE STATEMENT
Title K.J. Aiyer's judicial dictionary :
Remainder of title a complete law lexicon.
Statement of responsibility, etc by Krishna Jagadisa Aiyar
250 ## - EDITION STATEMENT
Edition statement 12th ed
260 ## - PUBLICATION, DISTRIBUTION, ETC. (IMPRINT)
Place of publication, distribution, etc Allahabad
Name of publisher, distributor, etc The Law Book Company (P) Ltd.
Date of publication, distribution, etc 1998
270 ## - ADDRESS
Address Sardar Patel Marg.
City Allahabad
Postal code 211001
300 ## - PHYSICAL DESCRIPTION
Extent 1359p.
Other physical details 25cm.
650 ## - SUBJECT ADDED ENTRY--TOPICAL TERM
Topical term or geographic name as entry element Law -- India -- Dictionaries.
650 ## - SUBJECT ADDED ENTRY--TOPICAL TERM
Topical term or geographic name as entry element Law
942 ## - ADDED ENTRY ELEMENTS (KOHA)
Source of classification or shelving scheme Dewey Decimal Classification
Koha item type English Books
Classification part 340.03
Call number suffix AIY
Holdings
Withdrawn status Lost status Damaged status Not for loan Collection code Home library Current library Date acquired Source of acquisition Cost, normal purchase price Total Checkouts Full call number Barcode Date last seen Copy number Cost, replacement price Price effective from Koha item type
      Not For Loan Reference Central Library Central Library 02/03/2016 Cen Lib/Ret 895.00   340.03 AIY A-949880 02/03/2016 1 895.00 02/03/2016 English Books

© Delhi Public Library
Hit Counter
free hit counter